| 000 | 00463 a2200169 4500 | ||
|---|---|---|---|
| 003 | Nust | ||
| 005 | 20170207153433.0 | ||
| 040 | _cNust | ||
| 082 | _a005.1 | ||
| 100 | _aAsghar , Amina BESE-08 | ||
| 245 |
_aArrhythmia detection and clasification using rhythm origin and heart rate varoation _cAmina , Asghar & Saadia Ahmed BESE-08 |
||
| 260 |
_bMCS _c2006 |
||
| 300 | _a79 p | ||
| 538 | _aAlmirah No 71 Shelf No 5 | ||
| 650 | _aUG Projects | ||
| 651 | _aUG CS Projects | ||
| 942 | _cTHS | ||
| 999 |
_c186187 _d186187 |
||